Statistiques concernant Les noms de scène des chanteurs français

Cliquez ici pour prendre le quiz!

Statistiques générales

  • Ce quiz a été pris 227 fois
  • Le résultat moyen est 6 sur 15

Statistiques - réponses

Vraie identitéPrénom et nom de scène% Correct
Jean-Philippe Smet (1943-2017)Johnny Hallyday
91%
Lucien Ginsburg (1928-1991)Serge Gainsbourg
85%
Patrick Benguigui (1959)Patrick Bruel
78%
Claude Moine (1942)Eddy Mitchell
63%
Didier Morville (1967)Joey Starr
49%
Christophe Martichon (1975)Christophe Maé
44%
Serge Chauvier (1943)Serge Lama
35%
Patrick Chouchayan (1969)Patrick Fiori
31%
Jean Tenenbaum (1930-2010)Jean Ferrat
28%
Bruno Nicolini (1969)Bénabar
27%
Gaston Ghrenassia (1938)Enrico Macias
27%
Hervé Forneri (1946-2019)Dick Rivers
25%
Élie Yaffa (1976)Booba
21%
Bernard Ouillon (1946)Bernard Lavilliers
18%
François Silly (1927-2001)Gilbert Bécaud
9%

Distribution des résultats

Percentile par nombre de réponses

% des personnes avec chaque résultat

Votre développement - résultats

Vous n’avez pas pris ce quiz